Rap fr #2 Rappeurs par sons - Statistiques

Statistiques générales
  • Ce quiz a été pris 210 fois
  • Le résultat moyen est 5 sur 15
Statistiques - réponses
Sons : Rappeurs % Correct
Atasante; Gasolina; Meuda Tiakola
88%
California girls; Papers; 7.65 Zola
77%
Tarkov; Shavkat; Rap catechisme Freeze corleone
65%
T-shirt croco; Recherché; Oasis petou Naps
57%
Dehors dans la night; Iverson; Real love Laylow
47%
Garçon; Aled; Toriel Luther
44%
Volant; Interlude; Boisson Kpri
16%
Benibla freestyle; Molly; Flamengo Lyonzon
16%
Hotel 5; De toi; La vie de luxe Youv dee
16%
Dehors; Fenêtre sur mer; S-line Bekar
14%
Mauvais; Demain; Les gentils bandits Zkr
14%
Cartier; Potion; X3 Ashe22
12%
Comic sans MS; Beatrice; Bae Caballero & jeanjass
12%
Parrafine; Ascencion; Gimmicks Ajna
9%
3 meufs; Au max; Bienvenue a Gattaca H jeunecrack
9%
Aucun quiz correspondant
Distribution des résultats
% des personnes avec chaque résultat
Percentile par nombre de réponses
Votre historique - résultats
Vous n’avez pas pris ce quiz